| 000 | 00413nam a2200157 a 4500 | ||
|---|---|---|---|
| 005 | 20140412111331.0 | ||
| 008 | 030212s19uu xx 00 eng d | ||
| 020 | _a1-57082-747-8 | ||
| 050 |
_aER _bCo734 1998 |
||
| 245 |
_aCome out and play : _bthe lion king II: simba's pride. |
||
| 260 | _c1998. | ||
| 300 | _a1 v. (unp.) ; ill. | ||
| 650 | _aLions--Fiction | ||
| 650 | _aChildren stories | ||
| 999 |
_c104930 _d104930 |
||